<?xml version="1.0" encoding="UTF-8"?>
<record
    xmlns:xsi="http://www.w3.org/2001/XMLSchema-instance"
    xsi:schemaLocation="http://www.loc.gov/MARC21/slim http://www.loc.gov/standards/marcxml/schema/MARC21slim.xsd"
    xmlns="http://www.loc.gov/MARC21/slim">

  <leader>01046nam2a22002531  4500</leader>
  <controlfield tag="001">rc\2165117</controlfield>
  <controlfield tag="005">20260203170221.0</controlfield>
  <datafield tag="035" ind1=" " ind2=" ">
    <subfield code="a">(NLR Aleph) 006641412</subfield>
  </datafield>
  <datafield tag="090" ind1=" " ind2=" ">
    <subfield code="a">7644634</subfield>
    <subfield code="c">7644634</subfield>
  </datafield>
  <datafield tag="100" ind1=" " ind2=" ">
    <subfield code="a">20110829d1978    u  y0rusy50      ca</subfield>
  </datafield>
  <datafield tag="101" ind1="0" ind2=" ">
    <subfield code="a">rus</subfield>
  </datafield>
  <datafield tag="102" ind1=" " ind2=" ">
    <subfield code="a">RU</subfield>
  </datafield>
  <datafield tag="105" ind1=" " ind2=" ">
    <subfield code="a">y   z   |||||</subfield>
  </datafield>
  <datafield tag="200" ind1="1" ind2=" ">
    <subfield code="a">&#x41C;&#x430;&#x442;&#x435;&#x440;&#x438;&#x430;&#x43B;&#x44B; &#x437;&#x430;&#x43A;&#x440;&#x44B;&#x442;&#x44B;&#x445; &#x434;&#x43E;&#x43A;&#x43B;&#x430;&#x434;&#x43E;&#x432; &#x438; &#x432;&#x44B;&#x441;&#x442;&#x443;&#x43F;&#x43B;&#x435;&#x43D;&#x438;&#x439;</subfield>
  </datafield>
  <datafield tag="210" ind1=" " ind2=" ">
    <subfield code="d">1978</subfield>
  </datafield>
  <datafield tag="215" ind1=" " ind2=" ">
    <subfield code="a">324 &#x441;.</subfield>
  </datafield>
  <datafield tag="333" ind1=" " ind2=" ">
    <subfield code="a">&#x414;&#x421;&#x41F;</subfield>
  </datafield>
  <datafield tag="461" ind1=" " ind2="0">
    <subfield code="1">001rc\2165116</subfield>
    <subfield code="1">2001#$a&#x41A;&#x438;&#x442;&#x430;&#x439;&#x441;&#x43A;&#x430;&#x44F; &#x43F;&#x440;&#x43E;&#x431;&#x43B;&#x435;&#x43C;&#x430;. 70-&#x435; &#x433;&#x43E;&#x434;&#x44B;$e&#x412; 2 &#x432;&#x44B;&#x43F;.$v&#x412;&#x44B;&#x43F;. 1</subfield>
    <subfield code="1">700#1$3RU\NLR\AUTH\770289524$a&#x411;&#x43E;&#x440;&#x438;&#x441;&#x43E;&#x432;$b&#x41E;. &#x411;.$c&#x438;&#x441;&#x442;&#x43E;&#x440;&#x438;&#x43A;, &#x43C;&#x435;&#x436;&#x434;&#x443;&#x43D;&#x430;&#x440;. &#x43E;&#x442;&#x43D;&#x43E;&#x448;&#x435;&#x43D;&#x438;&#x44F;$g&#x41E;&#x43B;&#x435;&#x433; &#x411;&#x43E;&#x440;&#x438;&#x441;&#x43E;&#x432;&#x438;&#x447;</subfield>
    <subfield code="9">7644629</subfield>
    <subfield code="a">&#x411;&#x43E;&#x440;&#x438;&#x441;&#x43E;&#x432;, &#x41E;. &#x411;. (&#x438;&#x441;&#x442;&#x43E;&#x440;&#x438;&#x43A;, &#x43C;&#x435;&#x436;&#x434;&#x443;&#x43D;&#x430;&#x440;. &#x43E;&#x442;&#x43D;&#x43E;&#x448;&#x435;&#x43D;&#x438;&#x44F;)</subfield>
    <subfield code="c">&#x41C;&#x43E;&#x441;&#x43A;&#x432;&#x430;</subfield>
    <subfield code="d">1978</subfield>
    <subfield code="n">&#x411;. &#x438;.</subfield>
    <subfield code="o">&#x412; 2 &#x432;&#x44B;&#x43F;.</subfield>
    <subfield code="t">&#x41A;&#x438;&#x442;&#x430;&#x439;&#x441;&#x43A;&#x430;&#x44F; &#x43F;&#x440;&#x43E;&#x431;&#x43B;&#x435;&#x43C;&#x430;. 70-&#x435; &#x433;&#x43E;&#x434;&#x44B;</subfield>
    <subfield code="v">&#x412;&#x44B;&#x43F;. 1</subfield>
  </datafield>
  <datafield tag="801" ind1=" " ind2="0">
    <subfield code="a">RU</subfield>
    <subfield code="b">NLR</subfield>
    <subfield code="g">psbo</subfield>
  </datafield>
  <datafield tag="801" ind1=" " ind2="1">
    <subfield code="a">RU</subfield>
    <subfield code="b">ELAR</subfield>
    <subfield code="2">rusmarc</subfield>
  </datafield>
  <datafield tag="852" ind1=" " ind2=" ">
    <subfield code="a">NLR</subfield>
    <subfield code="j">79-50&#x41A;/295</subfield>
  </datafield>
  <datafield tag="942" ind1=" " ind2=" ">
    <subfield code="c">BOOK</subfield>
  </datafield>
  <datafield tag="980" ind1=" " ind2=" ">
    <subfield code="a">NB</subfield>
  </datafield>
  <datafield tag="995" ind1=" " ind2=" ">
    <subfield code="5">2013-10-26</subfield>
    <subfield code="b">NLR01</subfield>
    <subfield code="c">NLR01</subfield>
    <subfield code="e">NZ5</subfield>
    <subfield code="f">6641412-10</subfield>
    <subfield code="k">79-50&#x41A;/295</subfield>
    <subfield code="o">0</subfield>
    <subfield code="r">BOOK</subfield>
    <subfield code="s">7950295_</subfield>
  </datafield>
</record>
